00230nam a2200097Ia 4500020001900000100002700019245002000046942000800066008004100074999001700115 a9780753519899" aBRANSON RICHARD 91568 0aTHE VIRGIN WAY  cBK 210805s9999 xx 000 0 und d c56070d56069